000 02399nam a22002657a 4500
999 _c64112
_d64112
003 Ge_BSU
005 20260407150949.0
008 260407s2023 ge ||||| |||| 00| 0 geo d
041 _ageo
080 _a82.09(479.22)(092) მ-86
100 _aმოსია, ტიტე
_927269
245 _aმეცნიერი და მისი სამყარო :
_b[პროფესორი ოთარ ჭურღულია] /
_cტიტე მოსია; რედაქტორი ოთარ ჟორდანია; სოხუმის სახელმწ. უნივერსიტეტი, ჰუმანიტარულ მეცნიერებათა ფაკულტეტი, ცხუმ-აფხაზეთის მეცნიერებათა აკადემიასთან არსებული ოთარ ჭურღულიას სახ. ქართული ენისა და ლიტერატურის კვლევითი ინსტიტუტი.
264 _aთბილისი :
_bსამშობლო,
_c2023.
300 _a392 გვ. ;
_b21 სმ.
504 _aბიბლიოგრაფია ტექსტის შენიშვნებში.
653 _aჭურღულია, ოთარ, 1926-2006.
653 _aქართველი ლიტერატურათმცოდნეები
653 _aქართველური ენები
653 _aლექსიკოლოგია.
653 _aქართულ-აფხაზური კულტურული ურთიერთობები
653 _aლიტერატურის ისტორია და კრიტიკა
700 _aჟორდანია, ოთარ
_eრედაქტორი
_927270
710 _aსოხუმის სახელმწ. უნივერსიტეტი.
_bჰუმანიტარულ მეცნიერებათა ფაკულტეტი. ცხუმ-აფხაზეთის მეცნიერებათა აკადემია. ოთარ ჭურღულიას სახ. ქართული ენისა და ლიტერატურის კვლევითი ინსტიტუტი.
_927271
942 _2udc
_cᲬᲘᲒᲜᲘ